Multiple Choice State Quiz – Colorado - Statistics

General Stats
  • This quiz has been taken 48 times
  • The average score is 8 of 10
Answer Stats
Question Answer % Correct
What is the capital of Colorado? Denver
100%
What is the flag of Colorado?
98%
What city has a notable ski resort in Colorado? Aspen
98%
Colorado's nickname is "The Centennial State". Why so? They became a state in 1876, the nation's 100th anniversary.
88%
Colorado unfortunately has had many mass shootings in the past. But which is the most well known? Columbine High School Massacre
83%
The tallest mountain in Colorado and the Rockies as a whole is which mountain? Mount Elbert
80%
What state borders Colorado? Nebraska
80%
Colorado is one of four states on the Four Corners. If you stood directly on the Four Corners, which direction leads to Colorado? Northeast
78%
Which of these rivers doesn't have their source in Colorado? Missouri River
43%
Protestantism is the largest religion in Colorado but what's the second largest in Colorado? No Religion
18%
No matching quizzes found
Score Distribution
Percent of People with Each Score
Percentile by Number Answered
Your Score History
You have not taken this quiz